Sistema nacional de control escolar de población migrante : (Record no. 204825)

MARC details
000 -CABECERA
campo de control de longitud fija 00653nam a2200193 u 4500
005 - FECHA Y HORA DE LA ÚLTIMA TRANSACCIÓN
campo de control 20231115063604.0
008 - ELEMENTOS DE LONGITUD FIJA--INFORMACIÓN GENERAL
campo de control de longitud fija 190909s2012 mx r 000 0 spa d
035 ## - NÚMERO DE CONTROL DEL SISTEMA
Número de control de sistema UPN01000232730
049 ## - COLECCIÓN
Colección CG
050 #4 - SIGNATURA TOPOGRÁFICA DE LA BIBLIOTECA DEL CONGRESO
Número de clasificación LC5153 M6
Número de documento/Ítem S5.7
245 00 - MENCIÓN DE TÍTULO
Título Sistema nacional de control escolar de población migrante :
Resto del título manual del usuario : perfil : enlace SINACEM.
260 ## - PUBLICACIÓN, DISTRIBUCIÓN, ETC.
Lugar de publicación, distribución, etc. México :
Nombre del editor, distribuidor, etc. SEP, Dirección General de Educación Indígena,
Fecha de publicación, distribución, etc. [2012].
300 ## - DESCRIPCIÓN FÍSICA
Extensión 224 p. :
Otras características físicas gráfs., tablas
500 ## - NOTA GENERAL
Nota general "SINACEM v2.0"
500 ## - NOTA GENERAL
Nota general Engargolado
650 #4 - ASIENTO SECUNDARIO DE MATERIA - TERMINO TEMATICO
Término de materia o nombre geográfico como elemento de entrada Hijos de migrantes internos
Subdivisión general Educación
Subdivisión geográfica México
9 (RLIN) 27662
905 ## - TIPO DE MATERIAL
Tipo de material Libro
Holdings
Estado de retiro Estado de pérdida Fuente del sistema de clasificación o colocación Estado dañado No para préstamo Código de colección Localización permanente Ubicación/localización actual Ubicación en estantería Total de préstamos Clasificación Código de barras Fecha visto por última vez Número de copia Tipo de ítem Koha
    Library of Congress Classification     Colección General Bib. Gregorio Torres Quintero Bib. Gregorio Torres Quintero Planta baja   LC5153 M6 S5.7 328722 31/12/2020 1 Libro